Varianty obstarania dlhodobého majetku

Obstaranie dlhodobého hmotného majetku z úveru poskytnutého bankou. Príklad - obstaranie výrobného zariadenia z dlhodobého úveru.

Enregistré dans:
Détails bibliographiques
Auteur principal: Šulovská, Miriama, 1980-
Format: Chapitre de livre
Langue:slovaque
Sujets:
Tags: Ajouter un tag
Pas de tags, Soyez le premier à ajouter un tag!

MARC

LEADER 00000naa$a2200000$$$4500
001 0084743
005 20240502071947.5
041 0 |a slo 
044 |a SK 
245 1 0 |a Varianty obstarania dlhodobého majetku  |c Miriama Šulovská 
520 |a Obstaranie dlhodobého hmotného majetku z úveru poskytnutého bankou. Príklad - obstaranie výrobného zariadenia z dlhodobého úveru. 
610 2 0 |a účtovníctvo podvojné 
610 2 0 |a účtovanie 
610 2 0 |a účty 
610 2 0 |a majetok hmotný 
610 2 0 |a majetok dlhodobý 
610 2 0 |a úver 
610 2 0 |a obstarávanie 
100 1 |a Šulovská, Miriama, 1980-